01679nam a2200313 i 4500003000900000005001700009007000300026008004100029020001500070040003000085082001200115100004400127245006200171246002100233264004500254300002800299336002700327337003400354338002800388490002800416490004700444500006400491520054700555590002701102910001401129942001301143952019201156999001701348DO-SdBNP20240422100425.0ta240422s2001 dr 000 j spa d a9993481709 aDO-SdBNPbspacBNPHUerda bU15222 aUbiñas Renville, Guaroa,d1944-9646213aLa leyenda de Enrique Blanco /cGuaroa Ubiñas Renville 10aEnrique Blanco / 1aSanto Domingo :bLetra Gráfica,c2001. a12 páginas, c21 cm. 2rdacontentatextobtxt 2rdamediaasin mediación bn 2rdacarrieravolumenbnc aLeyendas dominicanasv3 aColección de historias, mitos y leyendas aIncluye datos biografícos del autor en la contraportada.  aAunque no existen datos fidedignos que lo comprueben, corrió la versión de que Enrique Blanco era el mejor tirador del ejército y que, estando de puesto en la Fortaleza Ozama, desertó de sus filas en el año 1933 (otros autores sostienen que en 1932) iniciando a partir de entonces una vida nómada y rebelde en las estribaciones del Cibao, momento en el cual comenzaron a tejerse en torno al personaje las versiones encontradas y disímiles que hasta hoy han hecho casi imposible reconstruir su verdadera fisonomía histórica.  aInventariado, 2024/ YL aYLockward 2ddccLF2 00102ddc51708DS-FaBNPHUbBNPHUcCTd2023-03-01eDonación l0oBNPHU F-PD U15p2024-2413r2024-04-22w2024-04-22yLF2zPerteneció a la biblioteca personal de Emilio Cordero Michel c56476d56476